01236nam a22001337a 4500003000900000005001700009008004100026040001300067245008800080250001100168260003300179300002100212520086900233IT-RoPau20220918181103.0130409b xxu||||| |||| 00| 0 eng d cIT-RoPau a"Compartir el pan de la palabra"bDossier para el Ano Bíblico Paulino 1991 - 1992 a1° ed aRomabCasa General SSPc1991 a137 pp.c28,5 cm aIndice Presentación, del P. Renato Perino Nota introductiva, del P. Guido Gandolfo P. Franco Pierini, El P. Alberione y la Biblia (Esbozo de investigación histórico-cultural) P. Alejandro Castegnaro, El P. Alberione y San Pablo P. Angel Colacrai, Jn 14,6 - Contenido esencial y método de espiritualidad "paulina" - Apuntes P. Antonio da Silva, Jn. 14,6 - herencia carismática para la Familia Paulina P. Hugo Vanni, San Pablo y la Palabra de Dios Mons. Alberto Ablondi, la Biblia en la Iglesia hoy P. Angel Colacrai, Itinerario Bíblico-espiritual (Lectio Divina) P. Antonio F. da Silva, Una propuesta de interpretación de la experiencia Verdad-Camino-Vida Asamblea de Ariccia, Algunas sugerencias prácticas (para el compromiso individual y comunitario) P. Venancio Floriano, Propuestas para la "Hora de adoración" en los primeros domingos del mes